000 00282nam a2200109Ia 4500
008 220204s9999 xx 000 0 und d
082 _a929APJKalam
_bABD
100 _aAbdul Kalam, A P J
245 0 _aWings of fire
260 _aHyderabad
_bUniversity Press(India)
_c1999
942 _cBK
999 _c42084
_d42084